| 000 | 01628aam a2200337 a 4500 | ||
|---|---|---|---|
| 001 | 001365293 | ||
| 003 | AR-RoUNCS | ||
| 005 | 20251028121558.0 | ||
| 007 | ta | ||
| 008 | 160810s2015 ag dr 001 f spa d | ||
| 020 | _a978-987-1565-65-8 | ||
| 040 |
_aAR-BaBN _bspa _cAR-RoUNCS _eaacr |
||
| 041 | 1 |
_aspa _heng |
|
| 080 | 0 | _a82-31(73) | |
| 100 | 1 |
_aVan Dine, S. S. _d(1888-1939), _eautor |
|
| 245 | 1 | 0 |
_aEl caso Benson / _cS. S. Van Dine ; [traducción, Elsa Pizzi]. |
| 250 | _a1a ed. | ||
| 260 |
_aBuenos Aires : _bLetra Impresa, _c2015. |
||
| 300 |
_a150 p. ; _c20 cm. |
||
| 490 | 0 |
_aColección Generación Z / dirección de Patricia Roggio ; _v12 |
|
| 500 | _aIncluye propuestas de comprensión y análisis de la novela y el género. | ||
| 504 | _aIncluye notas bibliográficas a pie de página. | ||
| 520 | 1 | _a“Una mañana de verano, la ciudad de Nueva York amanece conmocionada por un crimen. En su casa, el financista Alvin Benson aparece muerto de un disparo en la frente. ¿Quién tendría interés en asesinarlo? No se le conocen enemigos ni hay huellas que faciliten las pesquisas. Pero pronto aumentan las pistas y la lista de sospechosos crece. Sin embargo, la investigación no avanza. Hasta que entra en escena Philo Vance, un excéntrico millonario, cuya intervención será clave para descubrir la verdad.” (Contratapa) | |
| 521 | 1 | _aLectura sugerida a partir de los 13 años. | |
| 650 | 4 |
_aLITERATURA _ySIGLO XX |
|
| 651 | 4 | _aESTADOS UNIDOS | |
| 655 | 4 | _aNOVELA POLICÍACA | |
| 700 | 1 |
_aPizzi, Elsa, _d1956- _eTraductor |
|
| 751 |
_aBuenos Aires _elugar de publicación _4pup |
||
| 942 |
_2udc _cOG |
||
| 999 |
_c653 _d653 |
||